TALIBAAN: THE STORY OF THE AFGHAN WARLORDS (Record no. 28628)

MARC details
000 -LEADER
fixed length control field 00318nam a22001457a 4500
003 - CONTROL NUMBER IDENTIFIER
control field SGT
020 ## - INTERNATIONAL STANDARD BOOK NUMBER
International Standard Book Number 0330492217
082 ## - DEWEY DECIMAL CLASSIFICATION NUMBER
Classification number 070
Item number T2000R
100 ## - MAIN ENTRY--PERSONAL NAME
Personal name RASHID, AHMED
245 ## - TITLE STATEMENT
Title TALIBAAN: THE STORY OF THE AFGHAN WARLORDS
260 ## - PUBLICATION, DISTRIBUTION, ETC. (IMPRINT)
Name of publisher, distributor, etc PAN BOOKS
Year of Publication 2000
300 ## - PAGE DESCRIPTION
No. of Pages 276
650 ## - SUBJECT ADDED ENTRY--TOPICAL TERM
Topical term or geographic name as entry element JOURNALISM
942 ## - ADDED ENTRY ELEMENTS (KOHA)
Source of classification or shelving scheme Dewey Decimal Classification
Koha item type Books
Holdings
Withdrawn status Lost status Source of classification or shelving scheme Damaged status Not for loan Home library Current library Shelving location Date acquired Cost, normal purchase price SGTU Full call number Accession No. (Barcode) Date last seen Bill Date Koha item type
    Dewey Decimal Classification   Not For Loan SGT Chancellor's Library SGT Chancellor's Library Reference Book 02/01/2025 2393.00 SGTU 306.6 S22B CH1495 02/01/2025 02/01/2025 Books